00467 2200181 4500245005700000020002200057250001100079100002100090700001700111700001900128650001600147005001900163260003900182041001400221084001200235300002900247336000900276 aSinggasana Allah di Atas AircUst. M. SetiawanhText a978-602-9185-19-5 aCet. 1 aUst. M. Setiawan aYuli Kamalia aAbu Adam Riski aIlmu Tauhid a20241018123842 aJakartabBelabook Meda Groupc2015 aIndonesia a297.211 aiv + 172 hlm. 20,5 cm. : atext